Statistics for Marvel Cinematic Universe - All Movies

Click here to take the quiz!

General Stats

  • This quiz has been taken 223,805 times
    (73,002 since last reset)
  • The average score is 25 of 33

Answer Stats

YearMovie% Correct
2008Iron Man
98%
2011Captain America: The First Avenger
94%
2010Iron Man 2
94%
2019Avengers: Endgame
93%
2013Iron Man 3
93%
2012Marvel's The Avengers
93%
2011Thor
93%
2008The Incredible Hulk
92%
2018Avengers: Infinity War
86%
2015Ant-Man
85%
2016Captain America: Civil War
83%
2021Black Widow
81%
2015Avengers: Age of Ultron
80%
2018Black Panther
80%
2017Spider-Man: Homecoming
80%
2017Thor: Ragnarok
80%
2014Captain America: The Winter Soldier
79%
2016Doctor Strange
79%
2014Guardians of the Galaxy
78%
2018Ant-Man and the Wasp
77%
2019Spider-Man: Far From Home
77%
2021Spider-Man: No Way Home
77%
2017Guardians of the Galaxy Vol. 2
73%
2019Captain Marvel
71%
2022Thor: Love and Thunder
70%
2013Thor: The Dark World
69%
2022Black Panther: Wakanda Forever
65%
2022
Doctor Strange in the Multiverse of Madness
62%
2023Guardians of the Galaxy Vol. 3
62%
2023Ant-Man and the Wasp: Quantumania
58%
2021Eternals
51%
2021Shang-Chi and the Legend of the Ten Rings
49%
2023The Marvels
39%

Score Distribution

Percentile by Number Answered

Percent of People with Each Score

Your Score History

You have not taken this quiz since the last reset